Word Ladder: San Francisco Quiz Stats

 Plays Quiz Updated May 14, 2016

Challenge
Share
Tweet
Embed
Score 0/33 Timer 04:00
1 Play Today
Hint 4-Letter Word % Correct
World's longest riverNILE
98.2%
Opposite of meanNICE
97.4%
Looney Tunes character: ___ E. CoyoteWILE
97.1%
● SF landmark: The Golden ___ Bridge ●● GATE ●
96.5%
DesireWANT
96.3%
Tom Petty's 'I ___ Back Down'WON'T
96%
● Jerry Garcia's band: 'The Grateful ___ ' ●● DEAD ●
95.8%
Not spicyMILD
95.5%
● SF building where coins are made ●● MINT ●
95.2%
The tallest Alp: ___ BlancMONT
95.1%
Title of ownershipDEED
95%
● Golden State Warriors great: ___ Chamberlain ●● WILT ●
94.5%
Billiard table clothFELT
93.9%
Explosive device planted in the groundMINE
93.8%
Common idiom: one ___ swoopFELL
92.8%
Chemical used to repel mosquitoesDEET
92.7%
Bump that results from an injuryWELT
92.7%
Hint 4-Letter Word % Correct
IndentationDENT
92.5%
SpouseMATE
92.4%
● [Rung 5]-a-[Rung 1]: The San Francisco Treat ●● RICE ●
91.7%
'Superfreak' singer: ___ JamesRICK
90.3%
Fermented honey beverageMEAD
90.1%
A tiny amountMITE
89.8%
● Alcatraz nickname: 'The ___ ' ●● ROCK ●
88.9%
Telepathic link: Vulcan mind ___MELD
88%
Occupy the entirety ofFILL
87.4%
● Assassinated SF politician: Harvey ___● MILK ●
81.4%
German philosopher: Immanuel ____KANT
79.1%
● [Rung 5]-a-[Rung 1]: The San Francisco Treat ●● RONI ●
79.1%
● English county; OR Giants MVP: Jeff ___● KENT ●
78.5%
● SF arena: ___ Graham Civic Auditorium ●● BILL ●
75.2%
Folk singer/songwriter: Dave Van ___RONK
74.3%
To cheat or defraudBILK
72.6%

Today's Daily Dose

You're not logged in!

Compare scores with friends on all Sporcle quizzes.
Join for Free
OR
Log In

You Might Also Like...

Show Comments

Extras

Top Quizzes Today


Score Distribution

Your Account Isn't Verified!

In order to create a playlist on Sporcle, you need to verify the email address you used during registration. Go to your Sporcle Settings to finish the process.

Report this User

Report this user for behavior that violates our Community Guidelines.

Details: